00429 2200169 4500001002100000008004100021035002000062245004000082100001800122260002400140300002700164020002200191084001400213082000800227990001200235990001200247INLIS000000000001460 Ind  a0010-1024000013 aPara Pencari KeadilancPipiet Senja aSenja, Pipiet aJakartabEmirc2015 a221 hlm.c14,5 x 21 cm a978-602-0935-22-5 a813 PIP p a813 a0753716 a0753717